LIBRARY & INFORMATION CENTRE, KCAET, TAVANUR

ONLINE PUBLIC ACCESS CATALOGUE (OPAC)

Utilization of Effluent Fish Farms in Cultivation Using Aquaponics (Record no. 14906)

MARC details
000 -LEADER
fixed length control field 00666nam a22001817a 4500
003 - CONTROL NUMBER IDENTIFIER
control field OSt
088 ## - REPORT NUMBER
Report number P 382
100 ## - MAIN ENTRY--AUTHOR NAME
Personal name AKHILA G.L
-- JASBEER K.T
245 ## - TITLE STATEMENT
Title Utilization of Effluent Fish Farms in Cultivation Using Aquaponics
260 ## - PUBLICATION, DISTRIBUTION, ETC. (IMPRINT)
Place of publication tavanur 2017
Name of publisher Department of Irrigation & Drainage Engineering
300 ## - PHYSICAL DESCRIPTION
Number of Pages 63
500 ## - GENERAL NOTE
General note Utilization of Effluent Fish Farms in Cultivation Using Aquaponics
520 ## - SUMMARY, ETC.
Summary, etc Utilization of Effluent Fish Farms in Cultivation Using Aquaponics
700 ## - ADDED ENTRY--PERSONAL NAME
Personal name Dr. Anu Varughese (Guide)
856 ## - ELECTRONIC LOCATION AND ACCESS
Uniform Resource Identifier https://drive.google.com/open?id=1ON3VWhSEbvqMbSXjUAmLFcxMLbfuMH0d
942 ## - ADDED ENTRY ELEMENTS (KOHA)
Koha item type Project Report
Holdings
Collection code Home library Current library Shelving location Full call number Accession Number Koha item type
Reference KAUAET KAUAET Reference 631.587 AKH/UT P 382 Project Report
free website counter